| 000 | 00449nam a2200157Ia 4500 | ||
|---|---|---|---|
| 008 | 230718s9999 xx 000 0 und d | ||
| 041 | _aeng | ||
| 082 |
_a660.6 _bHER |
||
| 100 |
_aHerren R.V. _9110567 |
||
| 245 |
_aIntroduction to Biotechnology : _bAn Agricultural Revolution |
||
| 260 |
_c2005 _bThomson Publication |
||
| 300 | _a411 | ||
| 365 |
_cRs. _b323.40 |
||
| 700 |
_aHerren R. V. _9110567 |
||
| 906 |
_dB:8118/2.2.0518-Mar-2005 _cIT _b64.68 |
||
| 999 |
_c310404 _d310404 |
||